000 01637nam a2200349 c 4500
999 _c188170
_d188170
003 BLK
005 20241109121032.0
008 180411b bul|||||r ||||||| ||bul||
010 _aKNG00197188000
040 _aBLK
041 _aBUL
_cBUL
080 _aРуска литература
_b821.161.1
_x-31
_z821.161.1-31
100 _aТолстой, Алексей Николаевич
_d1882 - 1945
_gРуски писател.
_9373647
139 _aТолстой, Алексей Николаевич
_bТ 67
245 1 0 _aХодене по мъките
_bТрилогия : Кн. 1 -
_cАлексей Николаевич Толстой; с предг. от Катя Топчиева; прев. на том Катя Атанасова Койчева.
_nКн. 2
_pОсемнадесета година
250 _a3. изд.
257 _aSUN
260 _bПартиздат
_c1987
300 _c20 см
380 _aX
490 1 _aКниги за революцията
700 1 _aТопчиева, Катя
_eс предг. от
_9376765
700 _aКойчева, Катя Атанасова
_d1926 - 1993
_gПреводач от руски език
_9281153
760 1 _aТолстой, Алексей Николаевич
_b3. изд.
_d1987
_h328 с.
_n1. изд. 1966. - В кн. означено 4. изд. - 80 110 тир.
_tКн. 2 Осемнадесета година
852 _aЦб 147269
856 4 _qpdf
856 4 _qpdf
942 _cKNG
_n0
_s1
944 _aCR
_c01.12.2016
_k30560
_lГеновева Генчева
944 _aED
_c01.12.2016
_kПравда_Бадева
999 _d188170